| 000 | 00969cab a2200313 4500 | ||
|---|---|---|---|
| 001 | WB3025-50 | ||
| 008 | 090401t1994 xxu||||| |||| 00| 0 eng d | ||
| 035 | _a(Sirsi) u29670 | ||
| 041 | _aeng | ||
| 245 | _aThird of flats suffer lease problems | ||
| 260 | _c1994 | ||
| 350 | _a0 | ||
| 490 |
_aObserver _v26 June 1994, 18(1) |
||
| 520 | _aThere is concern that badly drafted leases are causing problems for leaseholders when the lease has few years to run or the freeholder is absent. | ||
| 650 | _aCONQUEST LEGAL MARKETING | ||
| 650 | _aDEFECTIVE LEASES | ||
| 650 | _aFLATS | ||
| 650 | _aLEASE EXTENSION | ||
| 650 | _aLEASEHOLD ENFRANCHISEMENT ADVISORY SERVICE | ||
| 650 | _aLEASEHOLD REFORM, HOUSING AND URBAN DEVELOPMENT ACT 1993 | ||
| 650 | _aLEASES | ||
| 650 | _aMANAGEMENT OF FLATS | ||
| 650 | _aRESEARCH | ||
| 650 | _aSALEABILITY | ||
| 650 | _aSHORT LEASES | ||
| 690 | _aPROPERTY LAW AND PRACTICE | ||
| 942 | _n0 | ||
| 948 | _c04/03/1997 | ||
| 999 |
_c19960 _d19960 |
||